| 000 | 00905aam a2200349 4500 | ||
|---|---|---|---|
| 005 | 20260511151331.0 | ||
| 008 | 150522b2002 xxu||||| |||| 00| 0 spa d | ||
| 041 | _aESP | ||
| 082 | _a004.015.1 C732m | ||
| 100 | _aComellas, Francesc | ||
| 100 | _aFabrega, Josep | ||
| 100 | _aSánchez, Anna | ||
| 100 | _aSerra, Oriol | ||
| 245 | _aMatemática discreta | ||
| 260 | _aMéxico | ||
| 260 | _bAlfaomega | ||
| 260 | _c2002 | ||
| 300 | _a352 páginas | ||
| 490 | _aBig Data | ||
| 490 | _aTecnologías de la Información | ||
| 650 | _aPRINCIPIOS MATEMÁTICOS | ||
| 650 | _aMATEMÁTICA PARA COMPUTACIÓN | ||
| 650 | _aMATEMÁTICA DISCRETA | ||
| 650 | _aALGORITMOS | ||
| 650 | _aENUMERACIÓN | ||
| 650 | _aTEORÍA DE GRAFOS | ||
| 650 | _aÁRBOLES | ||
| 650 | _aESTRUCTURAS ALGEBRAICAS | ||
| 650 | _aANILLOS Y CUERPOS | ||
| 650 | _aESTRUCTURAS COMBINATORIAS | ||
| 942 |
_cBK _2ddc |
||
| 999 |
_c5935 _d5935 |
||